000 00769nam a2200253Ia 4500
003 GCL
008 140319s9999 xx 000 0 ara d
040 _aGCL /
_cGCL
082 0 4 _a111.85
_bر ع
100 1 _aرمضان بسطاويسى محمد
245 1 0 _aعلم الجمال عند لوكاتش /
_cرمضان بسطاويسى محمد
700 1 _aلوكاتش
260 _a[S.N] :
_bالهيئة المصرية العامة للكتاب ،
_c1991
300 _a298 ص
490 _a
650 0 4 _aالفلسفة
650 0 4 _aالفلاسفة
650 0 4 _aالفلسفة الغربية
650 0 4 _aالفلاسفة الغربيون
650 0 4 _aلوكاتش
650 0 4 _aالجمال - علم
650 0 4 _aلجمال
942 _2ddc
_cBK
999 _c29444
_d29444